A Blackletter Statement of Federal Law

Detalles Bibliográficos
Formato: eBook
Lenguaje:inglés
Publicado: Chicago: American Bar Association, 2013
Edición:Segunda Edicin̤
Materias:
Acceso en línea:Acceso restringido

MARC

LEADER 00000nam a22000007a 4500
005 20210301211959.0
007 cr|||| ||||
008 210301s2013 us |||||s|||| 00||0 eng d
020 |a 978-1-62722-302-7 
035 |a 33094 
040 |a vLex 
090 |c 11321  |d 11321 
245 0 1 |a A Blackletter Statement of Federal Law  |h [Recurso electrn̤ico] / 
250 |a Segunda Edicin̤ 
256 |a Servicio en ln̕ea 
260 |a Chicago:  |b American Bar Association,  |c 2013 
300 |a 1 recurso electrn̤ico 
506 1 |a Disponible solo en los productos indicados  |d vLex Global  |d vLex Global (Academic Edition, excluding Law Schools)  |d vLex Global (Academic Edition, Law Schools) 
650 0 4 |a Derecho Pb︢lico y Administrativo  |z Estados Unidos 
740 0 |a vLex Libros (Servicio en ln̕ea) 
856 4 0 |u http://vlex.com/source/blackletter-statement-federal-law-second-edition-33094  |z Acceso restringido 
942 |c BOOK 
999 0 |a Public and Administrative Law